[Event "AUTO-BEG-405"]
[Site "http://www.queenalice.com/game.php?id=796306"]
[Date "2010.6.28"]
[Round "1"]
[White "Karasu"]
[Black "Sportolna"]
[Result "0-1"]
[WhiteElo "1132"]
[BlackElo "1349"]

1. e4 e5 2. f3 Nf6 3. g4 d5 4. exd5 Nxd5 5. Bc4 Nb6 6. b3 Bc5 7. Ne2 O-O 8. Na3
g5 9. Bb2 Qf6 10. Nb5 Qxf3 11. Bxe5 Qxh1+ 12. Ng1 Qxg1+ 13. Ke2 Bxg4+ 14. Kd3
Bxd1 0-1

[Event "Challenge"]
[Site "http://www.queenalice.com/game.php?id=817802"]
[Date "2010.8.13"]
[Round "-"]
[White "Karasu"]
[Black "vinoseco"]
[Result "1-0"]
[WhiteElo "1122"]
[BlackElo "1440"]

1. g4 d6 2. f3 e5 3. d3 Nf6 4. b3 Nd5 5. c4 Nb4 6. Ba3 N4c6 7. Nc3 Nd4 8. Rb1 g6
9. e3 Ne6 10. b4 Qg5 11. f4 Qh4+ 12. Kd2 exf4 13. exf4 Nxf4 14. Nf3 Qf2+ 15. Kc1
Bxg4 16. Ne4 Qxa2 17. Nc3 Qxa3+ 18. Rb2 Qxc3+ 19. Rc2 Qxb4 20. Rg1 Bf5 21. Nd2
Nxd3+ 22. Bxd3 Bxd3 23. Rb2 Qxc4+ 24. Nxc4 Bxc4 25. Re1+ Be6 26. Rxb7 c6 27. Qa4
g5 28. Rg1 g4 29. Qa3 d5 30. Qb2 Rg8 31. Kb1 Bg7 32. Qa3 Bf5+ 33. Ka2 Bd4 34.
Re1+ Be4 35. Qe7# 1-0

[Event "AUTO-BEG-454"]
[Site "http://www.queenalice.com/game.php?id=885648"]
[Date "2011.1.13"]
[Round "1"]
[White "dab"]
[Black "Karasu"]
[Result "1-0"]
[WhiteElo "1393"]
[BlackElo "1205"]

1. e4 e5 2. Nf3 f6 3. Nc3 a6 4. d4 Nc6 5. dxe5 fxe5 6. Bc4 Nf6 7. Bg5 h6 8. Bxf6
Qxf6 9. Nd5 Bb4+ 10. c3 Bc5 11. Nxf6+ gxf6 12. Nh4 b5 13. Qh5+ Ke7 14. Nf5+ Kd8
15. Bd5 a5 16. O-O-O b4 17. Bxc6 Ra6 18. Qf7 Rxc6 19. Ne7 Bxe7 20. Rd3 Ba6 21.
Rd2 bxc3 22. bxc3 Rxc3+ 23. Kb1 Bd3+ 24. Kb2 Bb4 25. Qxf6+ Kc8 26. Qxh8+ Kb7 27.
Qxe5 d6 28. Qxc3 Bxc3+ 29. Kxc3 Bxe4 30. f3 Bf5 31. Kd4 c5+ 32. Kd5 Kb6 33. Rb2+
Ka6 34. Re1 a4 35. Re8 a3 36. Ra8# 1-0

[Event "AUTO-BEG-454"]
[Site "http://www.queenalice.com/game.php?id=885649"]
[Date "2011.1.13"]
[Round "1"]
[White "Karasu"]
[Black "dab"]
[Result "0-1"]
[WhiteElo "1233"]
[BlackElo "1263"]

1. e4 e5 2. d3 Nc6 3. c4 Nf6 4. b3 Bb4+ 5. Bd2 O-O 6. a3 Bxd2+ 7. Qxd2 d6 8. a4
Nd4 9. Nc3 Nxb3 10. Qb2 Nxa1 11. Qxa1 c6 12. Nf3 d5 13. exd5 cxd5 14. cxd5 Nxd5
15. Nxd5 Qxd5 16. h4 Re8 17. Nxe5 Qxe5+ 18. Be2 Qxe2# 0-1

[Event "AUTO-BEG-454"]
[Site "http://www.queenalice.com/game.php?id=885660"]
[Date "2011.1.13"]
[Round "1"]
[White "thedocwat"]
[Black "Karasu"]
[Result "1-0"]
[WhiteElo "1259"]
[BlackElo "1182"]

1. e4 e5 2. Nf3 d6 3. d4 exd4 4. Nxd4 c5 5. Bb5+ Bd7 6. Bxd7+ Qxd7 7. Nf5 g6 8.
Ne3 Nf6 9. Nc3 d5 10. exd5 Nxd5 11. Qf3 Nb4 12. Qe4+ Be7 13. O-O f5 14. Qe5 Rf8
15. Bd2 Qxd2 16. Nb5 N4c6 17. Qe6 Rf6 18. Qg8+ Bf8 19. Qxh7 f4 20. Ng4 Qxc2 21.
Nxf6+ Kd8 22. Qxb7 Na5 23. Qxa8 Bd6 24. Nxd6 Qxb2 25. Qxa7 Qxa1 26. Qxa5+ Ke7
27. Rxa1 Kxf6 28. Qd8+ Ke5 29. Nf7+ Ke6 30. Ng5+ Kf5 31. Rb1 Nc6 32. Qd5+ Ne5
33. Qxc5 Kxg5 34. Qxe5+ 1-0

[Event "AUTO-BEG-454"]
[Site "http://www.queenalice.com/game.php?id=885661"]
[Date "2011.1.13"]
[Round "1"]
[White "Karasu"]
[Black "thedocwat"]
[Result "0-1"]
[WhiteElo "1196"]
[BlackElo "1280"]

1. e4 e5 2. d3 Nf6 3. Nh3 Nc6 4. f4 d5 5. exd5 Qxd5 6. Nc3 Qa5 7. Bd2 Bg4 8. Be2
Bc5 9. Ne4 Nb4 10. c3 Nxd3+ 11. Bxd3 Bxd1 12. Kxd1 O-O 13. Nxc5 Qxc5 14. b4 Qd5
15. fxe5 Qxg2 16. Re1 Qxh3 17. Re3 Qxh2 18. exf6 Qg1+ 19. Re1 Qg4+ 20. Be2 Qg3
21. a4 gxf6 22. Bh6 Rfd8+ 23. Kc1 Qxe1+ 24. Bd1 Rxd1+ 0-1

[Event "AUTO-BEG-454"]
[Site "http://www.queenalice.com/game.php?id=885666"]
[Date "2011.1.13"]
[Round "1"]
[White "FreitasPC"]
[Black "Karasu"]
[Result "1-0"]
[WhiteElo "1360"]
[BlackElo "1216"]

1. d4 e6 2. c4 Bb4+ 3. Nc3 Nc6 4. Nf3 b6 5. e3 Qe7 6. Bd3 g6 7. O-O Ba6 8. Bd2
d5 9. Qe2 O-O-O 10. a3 Bd6 11. b4 Nf6 12. c5 bxc5 13. Bxa6+ Kb8 14. Qb5+ Ka8 15.
Qb7# 1-0

[Event "AUTO-BEG-454"]
[Site "http://www.queenalice.com/game.php?id=885667"]
[Date "2011.1.13"]
[Round "1"]
[White "Karasu"]
[Black "FreitasPC"]
[Result "0-1"]
[WhiteElo "1184"]
[BlackElo "1735"]

1. e4 c5 2. d3 Nc6 3. Nf3 e5 4. c4 Nf6 5. Be2 Be7 6. O-O O-O 7. Qe1 d6 8. b3 a6
9. Nc3 Nd4 10. Nxd4 cxd4 11. Na4 Bd7 12. Nb2 Rc8 13. Na4 Bxa4 14. bxa4 b6 15. a3
a5 16. Rb1 Nd7 17. g3 Nc5 18. h4 Nxa4 19. Qxa5 bxa5 20. Bg4 Rb8 21. Ra1 g6 22.
Bd1 Nc5 23. a4 Nxd3 24. Ba3 Nc5 25. g4 Bxh4 26. f3 Be7 27. f4 Nxe4 28. fxe5 dxe5
29. Bf3 Nd2 30. Rfd1 Nxf3+ 31. Kf2 Ng5 32. Re1 Bxa3 33. Rxa3 e4 34. c5 Qf6+ 35.
Kg1 Nf3+ 36. Rxf3 Qxf3 0-1

[Event "AUTO-BEG-466"]
[Site "http://www.queenalice.com/game.php?id=903643"]
[Date "2011.2.21"]
[Round "1"]
[White "Newton"]
[Black "Karasu"]
[Result "1-0"]
[WhiteElo "1365"]
[BlackElo "1169"]

1. e4 e5 2. Nf3 f6 3. Nxe5 d6 4. Qh5+ g6 5. Nxg6 Bg4 6. Qxg4 Nh6 7. Qe6+ Be7 8.
Nxh8 a5 9. d4 Ra6 10. Bxa6 Nxa6 11. Bxh6 c5 12. Nc3 Nc7 13. Qf7+ Kd7 14. Qxh7
Qxh8 15. Qxh8 cxd4 16. Nd5 1-0

[Event "AUTO-BEG-466"]
[Site "http://www.queenalice.com/game.php?id=903644"]
[Date "2011.2.21"]
[Round "1"]
[White "Karasu"]
[Black "Newton"]
[Result "0-1"]
[WhiteElo "1123"]
[BlackElo "1298"]

1. e4 e5 2. d3 Nf6 3. c4 Nc6 4. b3 Bb4+ 5. Bd2 O-O 6. Bxb4 Nxb4 7. a3 Nc6 8. Nc3
d6 9. Nh3 Nd4 10. Nd5 Bxh3 11. gxh3 Nxd5 12. exd5 Qf6 13. Rg1 Nf3+ 14. Ke2 Nxg1+
15. Kd2 Qf4+ 16. Kc2 Qxf2+ 17. Kc1 Qxh2 18. Rb1 Nxh3 19. Rb2 Qf4+ 20. Kb1 Ng5
21. a4 Rfe8 22. b4 f5 23. b5 e4 24. Rb3 Re7 25. Bg2 Rae8 26. Qe1 exd3 27. Qd1
Re1 28. Qxe1 Rxe1+ 29. Kb2 Qf2+ 30. Ka3 Qxg2 31. Rxd3 b6 32. Rb3 Ra1+ 33. Kb4
Qd2+ 34. Rc3 Rb1+ 35. Ka3 Qb2# 0-1

[Event "AUTO-BEG-466"]
[Site "http://www.queenalice.com/game.php?id=903655"]
[Date "2011.2.21"]
[Round "1"]
[White "Susana"]
[Black "Karasu"]
[Result "1-0"]
[WhiteElo "1375"]
[BlackElo "1161"]

1. e4 e5 2. Bc4 d6 3. d3 c5 4. Nc3 a5 5. a4 b6 6. Nd5 g6 7. Nf3 h5 8. h3 Be6 9.
Be3 Bg7 10. Qd2 f5 11. exf5 gxf5 12. Bg5 Qd7 13. Nxb6 Qc7 14. Nxa8 Qc6 15. Bxe6
Qxa8 16. Bxg8 Rxg8 17. h4 e4 18. dxe4 fxe4 19. Qxd6 Nd7 20. Qe7# 1-0

[Event "AUTO-BEG-466"]
[Site "http://www.queenalice.com/game.php?id=903656"]
[Date "2011.2.21"]
[Round "1"]
[White "Karasu"]
[Black "Susana"]
[Result "0-1"]
[WhiteElo "1169"]
[BlackElo "1221"]

1. e4 e5 2. d3 Bc5 3. Nc3 Nf6 4. Na4 Be7 5. h3 h6 6. g4 g5 7. c4 c5 8. Be3 d6 9.
a3 Bd7 10. b4 cxb4 11. axb4 a6 12. Nb6 Nc6 13. Nxa8 Qxa8 14. b5 Nd4 15. Ne2 Nf3#
0-1

[Event "AUTO-BEG-466"]
[Site "http://www.queenalice.com/game.php?id=903661"]
[Date "2011.2.21"]
[Round "1"]
[White "salvachess"]
[Black "Karasu"]
[Result "1-0"]
[WhiteElo "1221"]
[BlackElo "1161"]

1. Nf3 e6 2. e3 d5 3. d4 Nf6 4. Nc3 g6 5. Bb5+ Bd7 6. Bxd7+ Nbxd7 7. O-O Bh6 8.
b3 g5 9. a4 O-O 10. Ne2 g4 11. Ne5 Nxe5 12. dxe5 Ne4 13. f3 Nc5 14. Qd4 b6 15.
fxg4 Ne4 16. Ng3 Nxg3 17. hxg3 c5 18. Qd1 d4 19. exd4 cxd4 20. Bxh6 Re8 21. Qf3
Rf8 22. Bxf8 Qxf8 23. Rad1 Rd8 24. Qb7 a5 25. Qxb6 Qg7 26. Qxd8+ Qf8 27. Qxd4
1-0

[Event "AUTO-BEG-466"]
[Site "http://www.queenalice.com/game.php?id=903662"]
[Date "2011.2.21"]
[Round "1"]
[White "Karasu"]
[Black "salvachess"]
[Result "0-1"]
[WhiteElo "1147"]
[BlackElo "1235"]

1. e4 e5 2. d3 d6 3. c4 f6 4. h4 Nc6 5. g3 g5 6. Be2 Nd4 7. Bg4 Bxg4 8. Qxg4
Nc2+ 9. Kd1 h6 10. Kxc2 Qd7 11. Qxd7+ Kxd7 12. Ne2 Re8 13. d4 exd4 14. Nxd4 Rxe4
15. Nc3 Rxd4 16. Be3 Rxc4 17. b3 Rc6 18. Bxa7 Rc5 19. Bxc5 dxc5 20. Rad1+ Bd6
21. Ne4 gxh4 22. gxh4 f5 23. Nxd6 cxd6 24. Rh3 Nf6 25. Rhd3 Ne4 26. f3 Nf6 27.
Rxd6+ Ke7 28. Kc3 Rc8 29. Re1+ Kxd6 0-1

[Event "Challenge"]
[Site "http://www.queenalice.com/game.php?id=916128"]
[Date "2011.3.22"]
[Round "-"]
[White "Karasu"]
[Black "palergiuseppe"]
[Result "0-1"]
[WhiteElo "1114"]
[BlackElo "1301"]

1. g3 Nf6 2. Nh3 g6 3. Bg2 c6 4. O-O Bg7 5. d4 O-O 6. Na3 Na6 7. c3 Nc7 8. b4 d5
9. Bf4 Ne6 10. Be3 Qb6 11. Qa4 Nc7 12. c4 a5 13. cxd5 Bxh3 14. Bxh3 Nfxd5 15.
Bf4 Na6 16. Nc4 Qxd4 17. Rac1 Naxb4 18. a3 Na2 19. Rc2 Nac3 20. e3 Qe4 21. Bd7
Nxa4 22. Nxa5 Qxc2 0-1

[Event "Challenge"]
[Site "http://www.queenalice.com/game.php?id=919310"]
[Date "2011.3.30"]
[Round "-"]
[White "salvachess"]
[Black "Karasu"]
[Result "1-0"]
[WhiteElo "1279"]
[BlackElo "1105"]

1. d4 Nc6 2. Nf3 d5 3. e3 e6 4. Bb5 Bb4+ 5. c3 Ba5 6. Ne5 Nf6 7. Nxc6 bxc6 8.
Bxc6+ Bd7 9. Bxa8 Qxa8 10. b4 Bb6 11. a4 a5 12. O-O O-O 13. Nd2 Ng4 14. Qxg4 f5
15. Qg5 h6 16. Qg6 c6 17. Nf3 Rf6 18. Qg3 g5 19. Ne5 f4 20. exf4 Rxf4 21. Nxd7
Bc7 22. Bxf4 Qd8 23. Bxc7 Qxd7 24. bxa5 e5 25. Bxe5 1-0

[Event "Challenge"]
[Site "http://www.queenalice.com/game.php?id=925653"]
[Date "2011.4.13"]
[Round "-"]
[White "Ticovi"]
[Black "Karasu"]
[Result "1-0"]
[WhiteElo "1720"]
[BlackElo "1096"]

1. e4 e5 2. Nf3 Bc5 3. Nxe5 Qf6 4. Nf3 Nh6 5. d4 Bb4+ 6. Bd2 Bd6 7. e5 Qg6 8.
Nc3 Be7 9. Nd5 Bd8 10. Bg5 Qe4+ 11. Ne3 Nf5 12. Bd3 Qc6 13. Bxf5 f6 14. exf6
gxf6 15. d5 Qd6 16. Qd4 Qf8 17. O-O fxg5 18. Qe5+ Be7 19. Nxg5 a5 20. Rad1 d6
21. Qe4 Rg8 22. h4 h6 23. Bg6+ Kd8 24. Nf7+ Kd7 25. Qe6+ Ke8 26. Qxc8+ Bd8 27.
Qxd8# 1-0